| 000 | 00701nam a2200217 a 4500 | ||
|---|---|---|---|
| 001 | 21385 | ||
| 003 | CO-ViMGA | ||
| 008 | 141112s2004 ck r 000 u spa d | ||
| 020 | _a8439710658 | ||
| 040 |
_aCO-ViMGA _bspa _cCO-ViMGA |
||
| 082 | 0 | 4 | _a863 N146s |
| 100 | 1 |
_aNaipaul, V. S.; Casas, Flora Tr. _930532 |
|
| 245 | 1 | 0 | _aSemillas mágicas |
| 260 |
_aMadrid; Random House Mondadori, _c2004 |
||
| 300 | _a302 | ||
| 590 | _aForma de adquisición : Compra fact. 0866 - - Precio : 74400 - - Proveedor : Temas y libros - - Fecha de adquisición : Mayo 2007 | ||
| 650 | 1 | 4 | _aNOVELA INGLESA |
| 650 | 1 | 4 |
_aPOBREZA EN LA LITERATURA _92381 |
| 650 | 1 | 4 |
_aRIQUEZA EN LA LITERATURA _930533 |
| 942 |
_2ddc _cBK |
||
| 999 |
_c30001 _d30001 |
||